000 01008nam a22002537a 4500
005 20170124103032.0
010 _aA-665517
020 _c70.00
035 _aA-665517
037 _bCen Lib/Ret
040 _aDPL
_bHN
082 _a
_bवंधोपा
100 _aवंधोपाध्याय, ताराशंकर
_964330
245 _aदो ऑंखें /
_cताराशंकर वंधोपाध्याय
246 _aDo ankhen /
_bby Tarashankar Vandhopadhaya
260 _aनयी दिल्ली
_bएस.के.पब्लिशर्स
_c1993
270 _aए-47, अमर कालोनी, लाजपत नगर
_bनयी दिल्ली
_e110024
300 _a132पृ.
_c21सेमी (सजिल्द)
650 _aहिन्दी साहित्य
_964331
650 _aउपन्यास
_964332
650 _aHindi literature
_964333
650 _aFiction
_98901
942 _2ddc
_cHN
_h
_mवंधोपा
999 _c116002
_d116002